[Event "Sarajevo Bosnia 29th"]
[Site "Sarajevo"]
[Date "1999.05.23"]
[Round "6"]
[White "Sokolov, Ivan"]
[Black "Short, Nigel D"]
[Result "0-1"]
[WhiteElo "2624"]
[BlackElo "2697"]
[Annotator "Hansen,Cu"]
[PlyCount "86"]
[EventDate "1999.05.17"]
[EventType "tourn"]
[EventRounds "9"]
[EventCountry "BIH"]
[EventCategory "19"]
[SourceTitle "CBM 071"]
[Source "ChessBase"]
[SourceDate "1999.08.01"]
[SourceVersion "1"]
[SourceVersionDate "1999.08.01"]
[SourceQuality "1"]

1. d4 {King. Donev} Nf6 2. c4 e6 3. Nf3 d5 4. Nc3 Be7 5. Bg5 h6 6. Bh4 O-O 7.
e3 b6 8. Rc1 Bb7 9. Bxf6 Bxf6 10. cxd5 exd5 11. Bd3 c5 {King: 'I really find
it hard to grasp why White plays this system at all. Black has achieved what
he wants from the Tartakower: the two bishops and some pressure on White's
centre. Not that White should stand worse here...'} 12. O-O Na6 {[%csl Rb7]
[%cal Ya6c7,Yc7e6,Ye6d4,Ye6c5] '!?' Donev. Both 12..cxd4 and 12..Nd7 is more
often played than the game-move. The idea of 12..Na6 is - after some
preparation - to play Na6-c7-e6 controlling d4 and c5. As long as white keeps
his P on d4 blacks Bb7 does not have a very bright future. However to make
progress white will sooner or later have to relieve the tension in the center.
The question is whether white can do this in a way where he can put pressure
on d5 and/or c5 and at the same time restrict blacks minor-pieces. King:
'Short wishes to keep a little tension in the position, though I don't believe
White has any real advantage after the simple,'} (12... cxd4 {Donev} 13. exd4
Nc6 14. Bb1 Re8 15. Qd3 g6 16. a3 Na5 17. Ba2 Bg5 18. Nxg5 Qxg5 19. f4 Qh5 20.
f5 Rad8 21. fxg6 fxg6 22. Ne4 Rf8 23. Nf6+ Rxf6 24. Rxf6 Kg7 25. Rcf1 Qg5 26.
Qf3 {1-0 Zueger,B-Donev,I/Lenk op 1991 (26)}) 13. Bb1 Re8 14. a3 {'N' Donev.
White is toying with the idea b2-b4.} (14. Qd2 {Donev} cxd4 15. exd4 Nc7 16.
Rce1 Qd6 17. Re3 Re6 18. Rfe1 Rae8 19. Bf5 {1/2-1/2 Zvjaginsev,V-Zarubin,P/
Kazan 1995/CBM 51 (19)}) 14... g6 15. Re1 Qd7 16. dxc5 $6 {White has developed
his pieces and decides the time has come to change the P-structure. However
the move a2-a3 has given him some weakneses in the b-<->. In my opinion it is
difficult for white to put d5 under pressure without having a R on d1} bxc5 {
[%cal Yd5d4,Yb7g2] The Bb7 has come to life} 17. e4 d4 18. Ba2 {This was the
point of whites 16th move. Because the d4-P is pinned white will get some
control over the whites squares - particulary d5.} Rab8 $1 {[%csl Rb2]} (18...
Nc7 $2 19. Na4 $16 {[%cal Ra4c5,Ye4e6]}) 19. Bc4 Bc6 {[%cal Rd4c3] Now Qd7 has
been protected and white is forced to do something about the threat d4xNc3} (
19... Nc7 20. Na4 $16) 20. Nd5 (20. Bxa6 dxc3 21. Qxd7 Bxd7 22. bxc3 Bc6 $44 {
black has enough compensation because of the ^^, but he is not better.} 23. e5
Bg7 24. Bc4 Bxf3 25. e6 fxe6 26. Rxe6 Rxe6 27. Bxe6+ Kf8 28. gxf3 $11) 20...
Bxd5 21. exd5 (21. Bxd5 Rxb2 $17) 21... Nc7 {[%csl Rb2,Rc5,Rd5] White has two
weakneses and black only one.} 22. Qd2 Kg7 23. Rxe8 Nxe8 24. Ne1 $1 $11 Nd6 25.
Nd3 Qf5 26. Qc2 (26. Nxc5 Nxc4 27. Rxc4 Qxd5 (27... Qb1+ {Donev} 28. Rc1 Qxb2
29. Qxb2 Rxb2 $13) 28. Rc2 $11 {[%cal Yc5d3] King: '(Bareev)'} (28. Rc1 $15) (
28. Rc1 $11 {(King) (Bareev)})) 26... Re8 27. h3 Bg5 28. Rd1 h5 {Black is now
able to improve his position on the K-side while white can only win blacks
c5-P if he allows black some liberties on the K-side.} 29. b3 h4 30. Qb2 {
[%cal Rd3c5]} Bf6 31. Qc2 $2 (31. Nxc5 d3 (31... Qc8 {Donev} 32. Nd3 Nxc4 33.
bxc4 Qxc4 $15 34. Nf4 (34. Qb7 Re7) 34... Qc3 $1) 32. Qc1 Bd4 (32... Re2 33.
Nxd3 Ne4 34. Qf4 Qxf4 35. Nxf4 Rxf2 36. Ne2 $16) 33. Nxd3 Re2 34. Qf4 Bxf2+ 35.
Kh1 (35. Kf1 $6 Qxf4 36. Nxf4 Ra2 {[%cal Rd6f5,Rf5g3]}) 35... Qxf4 36. Nxf4 Ra2
$15 {Blacks is a P down, but whites K-position is a big problem. His R cannot
leave the first rank. Also Bc4 has very few active posibilities. Black could
for instance try to blokade whites d5-P with his K and move Nd6 via f5 to g3
or e3. I think white will have some difficulties achieving the draw.}) 31... g5
$1 {[%cal Yg5g4]} 32. f3 {'?!' Donev. After this white gets serious problems
on the black squares and blacks Bf6 finally gets some space. However allowing
g5-g4 was also not nice.} (32. Qd2 {Donev}) 32... Re3 $17 33. Qd2 Be5 {[%csl
Re3,Rf4,Rg3][%cal Ye5h2] Donev: 'Short hat die Mittelspielphase ausgezeichnet
gespielt. Jetzt sehen wir, daß alle schwarzen Figuren besser als die Weissen
stehen. Eine Musterpartie zum Thema Dominanz!'} 34. Ba6 Qf6 {[%cal Yd6f5,Ye5c7,
Yf6d6] Threatening to regroup with Nd6-f5, Be5-c7 and Qf6-d6} 35. Re1 Bf4 36.
Qd1 (36. Nxf4 {Donev} Qxf4 37. Rxe3 Qxe3+ 38. Qxe3 dxe3 39. Kf1 f5 40. Ke2 f4
$19 {Schwarz hat ein gewonnenes Endspiel, wegen: a) bessere Bauernstruktur b)
gedeckter starker e3-Freibauer c) der Springer ist besser als der weiße Läufer
Der Gewinnplan ist einfach. Der schwarze König wandert nach e5 um den
schwachen d5-Bauern anzugreifen. Nach dem erzwungenen Bc4 kann der Springer
manövrieren (z.B. Nf5-Ne7-Nxd5), um den d5 Bauern zu erobern.}) 36... Rxe1+ 37.
Qxe1 Be3+ 38. Nf2 (38. Kh1 Nf5 {Black will win because of the weakneses on the
black squares.} (38... Nf5 {Donev} 39. Bc4 Ng3+ 40. Kh2 Qd6 $19)) 38... Nf5 39.
Bd3 Ng3 40. Qd1 Qe5 41. Qc2 Qxd5 42. b4 cxb4 43. axb4 Qe5 0-1

[Event "Hoogovens op"]
[Site "Wijk aan Zee"]
[Date "1995.01.??"]
[Round "4"]
[White "Sokolov, Ivan"]
[Black "Van der Sterren, Paul"]
[Result "1/2-1/2"]
[WhiteElo "2645"]
[BlackElo "2560"]
[Annotator "Hecht,H"]
[PlyCount "118"]
[EventDate "1995.01.??"]
[EventType "swiss"]
[EventRounds "12"]
[EventCountry "NED"]
[SourceTitle "CBM 046"]
[Source "ChessBase"]
[SourceDate "1995.06.01"]
[SourceVersion "1"]
[SourceVersionDate "1995.06.01"]
[SourceQuality "1"]

1. d4 d5 2. c4 e6 3. Nc3 Nf6 4. Bg5 Be7 5. Nf3 h6 6. Bh4 O-O 7. e3 b6 8. Bd3
Bb7 9. O-O Nbd7 10. Bg3 c5 11. cxd5 Nxd5 12. Qe2 cxd4 13. exd4 N7f6 14. Rac1
Rc8 15. Ne5 Nxc3 16. bxc3 Qd5 17. Nf3 Ne4 18. c4 Nxg3 19. hxg3 Qd6 20. Be4 Bxe4
21. Qxe4 Bf6 22. Rc2 Rfd8 23. Rd1 Qb4 24. Rdc1 Rc7 25. g4 Rcd7 26. Rd1 Bxd4 27.
Rxd4 Rxd4 28. Nxd4 Rxd4 29. Qxd4 Qb1+ 30. Kh2 Qxc2 31. a3 Kh7 32. f3 Qa4 33.
Qe4+ g6 34. Qf4 Qd7 35. a4 Qe7 36. Qb8 e5 37. Kh3 Kg7 38. Qa8 a5 39. Qb8 Qc5
40. Kg3 Qd4 41. Qe8 g5 42. Qe7 Kg6 43. Qb7 Kf6 44. Qc6+ Kg7 45. Kh2 Qc5 46. Qe8
Qd6 47. Kh3 Qe6 48. Qxe6 fxe6 49. Kg3 $10 {Trotz Mehrbauern kann Schwarz die
Stellung wegen seiner schlechten Bauernstruktur nicht gewinnen, der doppelte
e-Bauer ist wertlos.} Kg6 50. Kf2 h5 51. gxh5+ Kxh5 52. Kg3 (52. g4+ Kh4 53.
Kg2 e4 $19) 52... Kg6 53. Kf2 Kf6 54. Ke3 Ke7 55. Ke4 Kd6 56. g3 (56. Kd3 Kc5
57. Kc3 e4 58. fxe4 g4 $1 59. e5 g3 $19 {Zugzwang}) 56... Kc5 57. Kxe5 Kxc4 58.
f4 gxf4 59. gxf4 b5 1/2-1/2

[Event "RUS-ch 54th"]
[Site "Elista"]
[Date "2001.04.30"]
[Round "1"]
[White "Lastin, Alexander"]
[Black "Lugovoi, Aleksei"]
[Result "1-0"]
[WhiteElo "2627"]
[BlackElo "2512"]
[Annotator "Hecht,H"]
[PlyCount "121"]
[EventDate "2001.04.29"]
[EventType "swiss"]
[EventRounds "9"]
[EventCountry "RUS"]
[SourceTitle "CBM 083"]
[Source "ChessBase"]
[SourceDate "2001.07.05"]
[SourceVersion "1"]
[SourceVersionDate "2001.07.05"]
[SourceQuality "1"]

1. d4 Nf6 2. Nf3 e6 3. c4 d5 4. Nc3 Be7 5. Bg5 h6 6. Bh4 O-O 7. e3 b6 8. Bd3
Bb7 9. O-O Nbd7 10. Bg3 dxc4 11. Bxc4 c5 12. Qe2 a6 13. a4 Qc8 14. Rfd1 Ne4 15.
Rac1 Nxc3 16. bxc3 Bc6 17. Bb3 Qb7 18. c4 Nf6 19. Ne5 Bxg2 20. f3 Bh3 21. d5
Nh5 22. f4 Nxg3 23. hxg3 exd5 24. cxd5 Bd6 25. Kh2 Bxe5 26. Kxh3 Bd6 27. e4 f6
28. Re1 Rfe8 29. Bc2 g5 30. Qg4 Qc8 31. Rb1 Bc7 32. Qxc8 Raxc8 33. Kg4 Rcd8 34.
Kf5 Kg7 35. Bd3 h5 36. Bxa6 h4 37. Bb5 Re7 38. gxh4 Bxf4 39. hxg5 Bxg5 40. Bd3
Re5+ 41. Kg4 Bd2 42. Rg1 Be3 43. Rg3 Rg5+ 44. Kf3 Rxg3+ 45. Kxg3 Rd6 46. Kg4
Kf7 47. Kf5 Ke7 48. Rh1 Bd4 49. Rh7+ Kd8 50. Bb5 Kc8 51. Re7 Kd8 52. Rf7 Kc8 {
[#] Passive schwarze Figuren; abgeschnittener schwarzer König. Einmarsch des
weißen Königs am Damenflügel zum Mattangriff.} 53. Kf4 Be5+ 54. Ke3 Kb8 $2 (
54... Rd8 $6 55. Ba6+ Kb8 56. Rb7+ Ka8 57. Rxb6 $16) (54... Bc3 $5 55. Kd3 Ba5
56. Kc4 Kd8 57. Bc6 Bb4 58. Kb5 Ba5 $14) 55. Kd3 Rd8 56. Kc4 Rh8 57. Ba6 Rh4
58. Kb5 Rxe4 59. Kxb6 Rb4+ 60. Bb5 Ka8 61. Rf8+ (61. Rf8+ Bb8 62. Ka6 {nebst
Matt}) 1-0

[Event "Olympiad-31"]
[Site "Moscow"]
[Date "1994.12.14"]
[Round "13.2"]
[White "Yermolinsky, Alex"]
[Black "Georgiev, Kiril"]
[Result "1/2-1/2"]
[WhiteElo "2590"]
[BlackElo "2615"]
[Annotator "Hecht,H"]
[PlyCount "181"]
[EventDate "1994.12.01"]
[EventType "team-swiss"]
[EventRounds "14"]
[EventCountry "RUS"]
[SourceTitle "CBM 045"]
[Source "ChessBase"]
[SourceDate "1995.04.01"]
[SourceVersion "1"]
[SourceVersionDate "1995.04.01"]
[SourceQuality "1"]
[WhiteTeam "US of America"]
[BlackTeam "Bulgaria"]
[WhiteTeamCountry "USA"]
[BlackTeamCountry "BUL"]

1. Nf3 Nf6 2. c4 e6 3. Nc3 d5 4. d4 Be7 5. Bg5 h6 6. Bh4 O-O 7. e3 b6 8. Bd3
Bb7 9. O-O Nbd7 10. Bg3 c5 11. Qe2 Ne4 12. cxd5 exd5 13. Rac1 Ndf6 14. dxc5
Nxg3 15. hxg3 bxc5 16. Rfd1 Qb6 17. b3 Qe6 18. Qc2 Qc6 19. Re1 Rac8 20. e4 dxe4
21. Nxe4 Qb6 22. Ne5 Qc7 23. Nc4 Rcd8 24. Nxf6+ Bxf6 25. Bh7+ Kh8 26. Be4 Ba6
27. Qe2 Rfe8 28. Qf3 Bd4 29. Qf5 g6 30. Qf4 Qxf4 31. gxf4 Re6 32. Bf3 Rf6 33.
g3 g5 34. Re7 gxf4 35. g4 Bc8 36. Rce1 Rg8 37. Re8 Re6 38. R1xe6 Bxe6 39. Rxg8+
Kxg8 40. Nd6 Kg7 41. Kg2 Kf6 42. Be2 Ke5 43. Nf5 Bd5+ 44. f3 Be3 45. Bc4 Bxc4
46. bxc4 $10 {White has the better piece (good Nf5 <-> bad Be3), but Black has
one more pawn.} f6 47. Kf1 Bc1 (47... h5 48. Nxe3 fxe3 49. gxh5 f5 50. f4+ Kf6
51. Ke2 Kg7 52. Kxe3 Kh6 53. Kf3 Kxh5 54. Kg3 $10) 48. Nxh6 Kd4 49. Ke2 Kxc4
50. Kd1 Bb2 51. Kc2 Be5 52. Nf5 a5 53. Ne7 a4 54. Nf5 Kb4 55. Ne7 Kc4 56. Nf5
Bc7 57. Ne7 Bb8 58. Nf5 Kb4 59. Ne7 Ka3 60. Kb1 c4 61. Nc6 Bd6 62. Nd4 Kb4 63.
Kc2 Kc5 64. Nf5 Be5 65. Ne7 Kb5 66. Nf5 Kb4 67. Ne7 Ka3 68. Kb1 c3 69. Nc6 Bd6
70. Nd4 Kb4 71. Kc2 Kc4 72. Nf5 Bc5 73. Ng7 Bd6 74. Nf5 Bf8 75. Nh4 Kb4 76. Nf5
Ka3 77. Kb1 Bc5 78. Ng7 Bd4 79. Nf5 Be5 80. Ne7 c2+ 81. Kxc2 Kxa2 82. Nc6 Bd6
83. Nd4 Bf8 84. Ne2 Bh6 85. Nc3+ Ka3 86. Nd5 Bg5 87. Kc3 Ka2 88. Kc2 Ka3 89.
Kc3 Ka2 90. Kc2 Ka3 91. Kc3 1/2-1/2

[Event "Winterthur"]
[Site "Winterthur"]
[Date "1996.??.??"]
[Round "2"]
[White "Zueger, Beat"]
[Black "Van der Sterren, Paul"]
[Result "1/2-1/2"]
[WhiteElo "2460"]
[BlackElo "2510"]
[Annotator "Hecht,H"]
[PlyCount "114"]
[EventDate "1996.09.??"]
[EventType "tourn"]
[EventRounds "11"]
[EventCountry "SUI"]
[EventCategory "9"]
[SourceTitle "CBM 055"]
[Source "ChessBase"]
[SourceDate "1996.12.01"]
[SourceVersion "1"]
[SourceVersionDate "1996.12.01"]
[SourceQuality "1"]

1. d4 Nf6 2. c4 e6 3. Nf3 d5 4. Nc3 Be7 5. Bg5 O-O 6. e3 h6 7. Bh4 b6 8. Be2
Bb7 9. Bxf6 Bxf6 10. cxd5 exd5 11. b4 c6 12. O-O a5 13. a3 Re8 14. Qb3 Nd7 15.
b5 c5 16. Nxd5 Bxd4 17. exd4 Rxe2 18. Rfe1 a4 19. Qc4 Rxe1+ 20. Rxe1 Kf8 21.
Ne7 Bxf3 22. gxf3 cxd4 23. Qxd4 Nc5 24. Qd5 Ne6 25. Ng6+ Kg8 26. Ne7+ Kf8 27.
Ng6+ Kg8 28. Ne7+ Kh8 29. Kf1 Rc8 30. Qxd8+ Rxd8 31. Nc6 Rd3 32. Re3 Rb3 33.
Ne5 Nd4 34. Nxf7+ Kg8 35. Nd6 Nxf3 36. Rxb3 axb3 37. Nc4 Kf7 38. Ke2 Nd4+ 39.
Kd3 Nxb5 40. a4 Nc7 41. Nxb6 Na6 42. Kc3 Nc5 43. a5 Ke6 44. Nc4 Kd5 45. Nd2 Kc6
46. f3 Kb5 47. Nxb3 Nxb3 48. Kxb3 {[#] abgedrängter sK; Remis durch Tempozug
und Opposition} Kxa5 49. Kc4 Kb6 50. Kd5 Kc7 51. Ke6 g5 52. Kf5 Kd6 53. Kg6 Ke5
54. Kxh6 Kf5 $1 (54... Kf6 $2 55. h3 Kf5 56. Kg7 Kf4 57. Kg6 $18) 55. h3 Kf6
56. Kh7 Kf7 57. Kh8 Kf8 1/2-1/2

[Event "Olympiad-34"]
[Site "Istanbul"]
[Date "2000.11.05"]
[Round "8.2"]
[White "Miladinovic, Igor"]
[Black "Wong, Meng Kong"]
[Result "0-1"]
[WhiteElo "2563"]
[BlackElo "2507"]
[Annotator "Hecht,H"]
[PlyCount "182"]
[EventDate "2000.10.28"]
[EventType "team-swiss"]
[EventRounds "14"]
[EventCountry "TUR"]
[SourceTitle "EXT 2001"]
[Source "ChessBase"]
[SourceDate "2000.11.22"]
[SourceVersion "1"]
[SourceVersionDate "2000.11.22"]
[SourceQuality "1"]
[WhiteTeam "Greece"]
[BlackTeam "Singapore"]
[WhiteTeamCountry "GRE"]
[BlackTeamCountry "SIN"]

1. d4 Nf6 2. Bg5 d5 3. e3 e6 4. c4 Be7 5. Nc3 h6 6. Bh4 O-O 7. Nf3 b6 8. Qc2
Bb7 9. Rd1 Nbd7 10. cxd5 Nxd5 11. Bg3 Nxc3 12. bxc3 Bd6 13. Bd3 Qe7 14. Bh7+
Kh8 15. Be4 c6 16. Nd2 Bxg3 17. hxg3 Nf6 18. Bf3 c5 19. O-O Rfc8 20. Qd3 Rc7
21. Bxb7 Rxb7 22. Nc4 cxd4 23. cxd4 Rc8 24. Ne5 Nd7 25. Nf3 Rbc7 26. g4 g6 27.
e4 Rc3 28. Qb5 Kg7 29. Rfe1 Nf6 30. g5 hxg5 31. Qxg5 Rh8 32. d5 Rh5 33. Qf4 e5
34. Qd2 Rc8 35. d6 Qe6 36. Re3 Rch8 37. Kf1 Rh1+ 38. Ng1 Qg4 39. f3 Qf4 40.
Ree1 Qh2 41. Kf2 Qh4+ 42. Ke3 Rd8 43. Nh3 Rxd6 44. Rxh1 Qh6+ 45. Ke2 Rxd2+ 46.
Rxd2 Nh5 47. Rhd1 Ng3+ 48. Kf2 Qh4 49. Kg1 a5 50. Rc2 Qe7 51. Kh2 Nh5 52. Rb1
Qe6 53. a4 Nf6 54. Rc7 Qd6 55. Rb7 Nd7 56. Rb5 Qc6 57. Ra7 Kf6 58. Rd5 Nc5 59.
Nf2 Ke6 60. Ng4 f6 61. Rg7 Qe8 62. Rh7 Qxa4 63. Rd8 Nxe4 64. fxe4 Qxe4 {
[#] Interessantes Materialverhältnis. Weiß gelingt nicht die Bündelung seiner
Kräfte.} 65. Re8+ Kd6 66. Nf2 Qf4+ 67. Kg1 f5 (67... a4 $142) 68. Nd3 Qe3+ 69.
Kh2 e4 70. Rd8+ Kc6 71. Ne5+ Kb5 72. Rd5+ Ka4 73. Nxg6 f4 {[%cal Re3g3]} 74.
Rh3 f3 75. Re5 b5 76. Rxf3 (76. Rh4 b4 77. Rexe4 Qd2 78. Reg4 f2 79. Rf4 Qe1
$19) (76. Rxe4+ Qxe4 77. Rh4 Qxh4+ 78. Nxh4 f2 $19) 76... Qh6+ 77. Rh3 Qxg6 78.
Rh4 b4 79. Rhxe4 Qh6+ (79... Qb6 $142 80. Kg3 $140 Ka3) 80. Kg1 Qb6+ 81. Kf1
Ka3 82. Re1 a4 83. R5e2 Qf6+ 84. Rf2 Qd4 85. Ke2 b3 86. Rd1 Qe4+ 87. Kd2 Kb2
88. Re2 Qc2+ 89. Ke1 (89. Ke3 {ändert nichts}) 89... a3 90. g4 a2 91. g5 a1=Q {
Ein putziges Schlussbild.} 0-1

[Event "Bundesliga 0102"]
[Site "Germany"]
[Date "2001.11.25"]
[Round "4.1"]
[White "Speelman, Jonathan S"]
[Black "Hracek, Zbynek"]
[Result "1/2-1/2"]
[WhiteElo "2603"]
[BlackElo "2610"]
[Annotator "Hracek/Meyer,CD"]
[PlyCount "62"]
[EventDate "2001.10.06"]
[EventType "team-tourn"]
[EventRounds "15"]
[EventCountry "GER"]
[SourceTitle "CBM 087"]
[Source "ChessBase"]
[SourceDate "2002.03.21"]
[SourceVersion "1"]
[SourceVersionDate "2002.03.21"]
[SourceQuality "1"]
[WhiteTeam "Luebeck"]
[BlackTeam "Werder Bremen"]
[WhiteTeamCountry "GER"]
[BlackTeamCountry "GER"]

1. Nf3 d5 2. d4 Nf6 3. c4 e6 4. Nc3 Be7 5. Bg5 O-O 6. e3 h6 7. Bh4 b6 8. Bd3
Bb7 9. O-O Nbd7 10. Qe2 c5 11. Rad1 ({Die üblichen und bewährten Fortsetzungen
sind} 11. Bg3 {und 11.Rfd1.}) 11... Ne4 12. Bg3 Nxg3 13. hxg3 cxd4 14. exd4
dxc4 15. Bxc4 Nf6 16. Ne5 Bb4 $1 {Ein Produkt aus der häuslichen Analyseküche
der tschechischen Nr.1.} 17. f4 (17. Nxf7 Rxf7 18. Qxe6 Qf8 $15) 17... Bxc3 18.
bxc3 Ne4 $1 $15 {[#]} {Hier wähnte sich Schwarz schon im Vorteil. Doch
angesichts der offensichtlichen strukturellen Mängel seiner Stellung beginnt
der englische Großmeister, ein geniales taktisches Feuerwerk abzubrennen. Und
dies mehr oder weniger intuitiv, denn die Lunte ans Pulverfaß legte er nach
nur etwa fünf Minuten Bedenkzeit!} 19. f5 $5 ({Mit all den Konsequenzen
unmöglich am Brett auszurechnen. Wenig aufregend und angenehm für Schwarz wäre
hingegen} 19. Qe3 {, z.B. 19...} Rc8 20. Rc1 b5 $5 $15 21. Bxb5 (21. Bb3 Bd5
22. f5 exf5 23. Rxf5 Nd6) 21... Nxc3 $1 22. Rxc3 (22. Bd7 Nd5) 22... Qd5 23.
Bc6 Bxc6 $15 {. Nun mit dem stürmischen Hebel f5 entfaltet Weiß einen
kombinierten Druck auf der Schrägen a2-g8 und der f-Linie.}) 19... exf5 $5 {
Keine leichte Entscheidung. Man sehe:} (19... Nxg3 20. Qg4 Nxf1 (20... Nxf5 21.
Nxf7 Rxf7 22. Bxe6 Kh8 $13 {/=}) 21. Rxf1 exf5 22. Nxf7 $1 Rxf7 23. Qxf5 (23.
Rxf5 $4 Bc8) 23... Kh8 24. Qxf7 Be4 $13 {/=}) (19... Nxc3 $2 20. Qd3 Nxd1 (
20... Nd5 $5 21. fxe6 fxe6 22. Rxf8+ Qxf8 23. Rf1 $36) 21. fxe6 $36) 20. Nxf7
Rxf7 21. Rxf5 {[#] Unter Springeropfer hat Weiß zwar die angestrebte Diagonal-
und Linienöffnung zustandegebracht, aber damit sein Angriffsfeuer nicht
erlischt, wirft er gleich noch die Qualität hinterher!} {21...} Nf6 $5 ({
Am chancenreichsten im Vergleich zu} 21... Nd6 $2 22. Rdf1 Nxc4 23. Qxc4 Bd5
24. Rxd5 $14 {und}) (21... Nxg3 22. Bxf7+ (22. Qe6 Nxf5 23. Qxf7+ Kh8 24. Qxf5
Qc8 $1) 22... Kh8 23. Qg4 Nxf5 24. Qxf5 Qe7 25. Be6 Rf8 26. Qe5 $11 {.}) 22.
Rxf6 $1 ({Wieder der direkte und harte Kurs. Klar schwächer sind} 22. Re1 $2
Rc8 23. Bxf7+ Kxf7 24. Qe6+ Kg6 $17) ({und} 22. Qe6 $2 Qc7 $17 {, während das
gemächliche}) (22. Rdf1 {dem Verteidiger mehr Gelegenheit gibt, seine Position
zu konsolidieren, z.B. 22...} Qd7 $1 (22... Rc8 $6 23. Bxf7+ Kxf7 24. Qh5+ Ke7
25. Re5+ Kf8 26. Rxf6+ $1 gxf6 27. Qxh6+ Kf7 28. Qh7+ Kf8 29. Qh8+ $11) 23. Be6
Qe7 (23... Qc7 $4 {/Re8??} 24. Rxf6) 24. g4 $1 Raf8 (24... Bc8 25. Bxf7+ Qxf7
26. Re5 Bd7 27. g5 hxg5 28. Re7 $132) 25. g5 hxg5 26. Rxg5 Bc8 27. Bxf7+ Qxf7
28. c4 {mit etwa gleichen Chancen}) 22... gxf6 23. Qh5 {[#]} Qe7 {Dieser
natürliche Deckungszug (kontrolliert zudem die e-Linie) ist aber nicht
unbedingt besser als die Alternative} (23... Qd7 {, z.B.:} 24. Qg6+ Kf8 25.
Qxh6+ Ke7 26. Bxf7 $1 (26. Re1+ $2 Kd8 27. Bxf7 Qxf7 28. Qf4 Bc6 $1 29. Qd6+
Bd7 $17) 26... Kxf7 27. Re1 (27. Rf1 Qc6 (27... Qe7 $2 28. Qh5+ Kg8 29. Rf4 $1
{mit Angriff}) 28. d5 (28. Qh7+ Ke8 29. Re1+ Kf8 30. Qh8+ $11) 28... Qxc3 29.
Qh7+ Kf8 30. Qxb7 (30. Qg6 $5) 30... Qe3+ $11) 27... Rg8 28. Qh7+ Rg7 29. Qh5+
Kf8 30. Qh8+ Kf7 31. Qh5+ $11) 24. Qg6+ Kf8 {[#] An diesem springenden Punkt
läßt die Intuition Jonathan Speelman im Stich.} 25. Rf1 $2 ({Der erste klare
Fehlgriff hätte eigentlich die Partie kosten müssen. Allein korrekt war} 25.
Qxh6+ {und nun: 25...} Ke8 (25... Kg8 $2 26. Rf1 $1 $18) 26. Qh5 $1 f5 (26...
Be4 $2 27. Re1 f5 28. g4 Rc8 29. Bxf7+ Qxf7 30. Qxf5 $18) (26... Rc8 $2 27.
Bxf7+ Qxf7 28. Re1+ Kf8 29. Qh8+ Qg8 30. Qxf6+ Qf7 31. Qd6+ Kg8 32. Re7 $18)
27. g4 $1 (27. Bxf7+ $2 Qxf7 28. Re1+ Be4 $19) 27... Qe3+ 28. Kh2 Qf4+ 29. Kg1
(29. Kh1 $6 Bxg2+ 30. Kxg2 Qxg4+ $1 (30... Qe4+ $6 {siehe unter B.}) 31. Qxg4
fxg4 32. Bxf7+ Kxf7 33. Kg3 $11 {, und hier hat Schwarz ein Mehrtempo
gegenüber Variante B2.}) 29... Qe3+ 30. Kh1 $1 Bxg2+ 31. Kxg2 Qe4+ 32. Kg3 {
[#] Analyse} Qxg4+ $1 (32... Qe3+ $6 33. Kh4 Qe7+ (33... Qf2+ $2 34. Kg5 Qe3+
35. Kg6 Qe7 36. Re1 Qxe1 37. Qh8+ Ke7 38. Qxa8 Rf6+ 39. Kg7 $18) 34. g5 Qe4+
35. Kg3 Qe3+ 36. Kg2 Qe4+ 37. Kf1 Qf4+ 38. Ke2 Qg4+ 39. Qxg4 fxg4 40. Bxf7+
Kxf7 41. Ke3 $16) 33. Qxg4 fxg4 34. Bxf7+ Kxf7 35. Kxg4 Rc8 36. Rd3 Ke6 37. Kf4
Kd5 $11 {, z.B.} 38. Rh3 b5 39. Rh5+ Kc4 40. Ke4 a5 41. Rg5 (41. d5 Rd8 42. Rg5
Rd7 $11) 41... Re8+ (41... Kxc3 $4 42. Rc5+ $18) 42. Re5 Rc8 43. Kf5 Rf8+ 44.
Ke6 Kxc3 45. d5 (45. Rxb5 Kxd4 $11) 45... b4 46. d6 a4 47. d7 Rd8 48. Ke7 Rxd7+
49. Kxd7 b3 $11) 25... Be4 $19 26. Qxh6+ Ke8 27. Re1 {[#]} (27. Qh5 Rc8 (27...
f5)) (27. Bxf7+ Kxf7 28. Re1 Re8) 27... f5 $2 {Aber Werders Spitzenmann hält
der andauernden Belastung nicht stand und stolpert auch über einen der
tückischen Fallstricke.} ({Indes nach} 27... Rh7 $1 28. Qf4 f5 $19 {hätte es
keine ernsthaften Fragen mehr gegeben, z.B.:} 29. Bd5 (29. g4 Rh4 (29... Rh1+))
29... Bxd5 30. Rxe7+ Rxe7 31. Qxf5 Rd8) 28. Rxe4 $1 $11 Qxe4 ({Daß} 28... fxe4
$4 {an} 29. Qc6+ {(-xa8+) scheitert, wurde offenbar übersehen.}) 29. Qg6 Rc8 (
29... Kd8 {bringt auch nicht mehr.}) 30. Qxf7+ Kd8 31. Be6 Qe3+ 1/2-1/2